000
00313nam a22001337a 4500
003
SGT
082
_a
KAS 519.9
100
_a
KASANA,H.S
245
_a
COMPLEX VARIABLES THEORY AND APPLICATION
260
_a
NEW DELHI
_b
PHI
_c
2015
300
_a
494
650
_a
COMPLEX VARIABLES, MATHEMATICS
942
_2
ddc
_c
FPS
_0
2
999
_c
10222
_d
10222